000 00849nam a2200241Ia 4500
003 OSt
005 20221005104253.0
006 a|||||r|||| 00| 0
007 ta
008 221004b |||||||| |||| 00| 0 hin d
024 _a30074
037 _cTextual
040 _aCRL
_cCRL
_bhin
041 _2hin
_ahin
082 _aX:71, 152M1
100 _aमिश्र, एस. के.
245 0 _aआर्थिक प्रणालियां एवं व्यष्टि अर्थशास्त्र
246 _aĀrthik praṇāliyāan evan vyaṣhṭi arthashāstra
260 _aदिल्ली
_bप्रगति पब्लिकेशंस भारत
_c1979
300 _a582पृ.
_ccm.
942 _hX:71, 152M1
_cTEXL
_2cc
999 _c1012214
_d1012214